000 01022nam a22002417a 4500
005 20240305165507.0
007 cr|||| ||||
008 180501s2018 co |||||s|||| 00||0 spa d
020 _a978-958-771-574-3
035 _a21518
040 _avLex
090 _c7870
_d7870
100 1 _aZuluaga Potes, Jorge Hernán
245 1 0 _aCartilla Impuesto al Valor Agregado 2018
_h[Recurso electrónico] /
_cJorge Hernán Zuluaga Potes
256 _aServicio en línea
260 _aBogotá:
_bECOE,
_c2018
300 _a1 recurso electrónico
506 1 _aDisponible solo en los productos indicados
_dvLex Global
_dvLex Global (Academic Edition, excluding Law Schools)
_dvLex Global (U.S. Academic Edition, Law Schools)
_dvLex Global (U.S. Academic Edition, excluding Law Schools)
_dvLex Global (Academic Edition, Law Schools)
650 0 4 _aDerecho Fiscal
_zColombia
740 0 _avLex Libros (Servicio en línea)
856 4 0 _uhttps://app.vlex.com/#/sources/cartilla-impuesto-valor-agregado-2018-21518
942 _cRAA
999 _c166107
_d166107